000 00627nam a22002057a 4500
999 _c14540
_d14540
003 AR-CdUCM
008 190423b ||||| |||| 00| 0 spa d
020 _a978-84-683-0885-2
040 _aMUNICIPALIDAD PROVINCIAL DEL CUSCO
_cBIBLIOTECA MUNICIPAL DEL CUSCO
041 _hspa
082 _aES / 801 /
_bR94
100 _aPlaza, José María
_926893
245 _aEspejismo :
_bPoemas entre el suelo y el cielo /
260 _aBarcelona :
_bEdebé,
_c2013.
300 _bIlustraciones,
_c20 cm.
505 _aContenido: Espejismo.
650 _aPoemas infantiles
_933347
942 _2ddc
_cLIBROS
945 _acmm
_d2019-04-23